000 00503nam a2200193Ia 4500
003 0100
005 20160818095904.0
008 130303s9999 xx 000 0 und d
040 _cARRUPELIB
050 _aBV4460.7.S651988
100 _aSmith, Walter J
_925230
245 _aAids, Living an Dying with Hope
245 _bIssues in Pastoral Care
260 _aNY
260 _bPaulist Press Inc
300 _a184p
650 _aChurch works with AIDS(Disease)
_925231
942 0 0 _02
_2lcc
_cMONOGRAPH
999 _c21533
_d21533